| 000 | 01020cam a22002411ia4500 | ||
|---|---|---|---|
| 003 | SA-RiAUC | ||
| 005 | 20241222142026.0 | ||
| 008 | 241222s2015____su g 000 0 ara c | ||
| 040 |
_aSA-MaHRM _bara _cSA-RiAUC _erda |
||
| 082 | 0 | 4 |
_a210.2 _qSA-RiAUC |
| 090 |
_a210.2 _b س ع د |
||
| 100 | 1 |
_aالسعدي، عبد الرحمن بن ناصر بن عبد الله، _d1307-1376 هجري _eمؤلف. |
|
| 245 | 1 | 0 | _aمجموع مؤلفات الشيخ العلامة عبد الرحمن بن ناصر السعدي رحمه الله 1307-1376 هـ. |
| 250 | _aالطبعة الثانية، مزيدة ومنقحة ومفهرسة. | ||
| 264 | 1 |
_aالرياض : _bدار الميمان للنشر والتوزيع، _c2015 |
|
| 300 |
_a27 مجلد ؛ _c24 سم |
||
| 336 |
_aنص _btxt _2rdacontent _3كتاب |
||
| 337 |
_aبدون وسيط _bn _2rdamedia |
||
| 338 |
_aمجلد _bnc _2rdacarrier |
||
| 650 | 7 |
_aالإسلام _vمتفرقات _2aucsh |
|
| 942 |
_2ddc _cBOOK _n0 |
||
| 949 |
_aSA-JeALM _d241222 _uosman123 _n1 |
||
| 999 |
_c3779 _d3779 |
||